Long Mao = (Record no. 186532)

MARC details
000 -LEADER
fixed length control field 01298nam a2200349 i 4500
005 - DATE AND TIME OF LATEST TRANSACTION
control field 20211215154300.0
008 - FIXED-LENGTH DATA ELEMENTS--GENERAL INFORMATION
fixed length control field 211215t2020 cc a j ||0 1 chi d
020 ## - INTERNATIONAL STANDARD BOOK NUMBER
International Standard Book Number 9787559644633
Terms of availability RM 74.80
Qualifying information paperback
040 ## - CATALOGING SOURCE
Original cataloging agency PPAK
Language of cataloging eng
Transcribing agency PPAK
Description conventions rda
041 ## - LANGUAGE CODE
Language code of text/sound track or separate title chi
Language code of original jpn
082 04 - DEWEY DECIMAL CLASSIFICATION NUMBER
Edition number 23
Classification number 741.5
090 00 - LOCALLY ASSIGNED LC-TYPE CALL NUMBER (OCLC); LOCAL CALL NUMBER (RLIN)
Classification number (OCLC) (R) ; Classification number, CALL (RLIN) (NR) 741.5
Feature heading MIY
Feature heading K
100 1# - MAIN ENTRY--PERSONAL NAME
Linkage 880-01
Personal name Miyazaki ,Hayao
Dates associated with a name 1941-
Relator term author.
240 ## - UNIFORM TITLE
Uniform title Tonari no Totoro.
Language of a work Chinese
245 10 - TITLE STATEMENT
Linkage 880-02
Title Long Mao =
Remainder of title Tonari no Totoro /
Statement of responsibility, etc. by Hayao Miyazaki; Translated by Zhao Yujiao
246 33 - VARYING FORM OF TITLE
Display text Translation of :
Title proper/short title My Neighbor Totoro
264 #1 - PRODUCTION, PUBLICATION, DISTRIBUTION, MANUFACTURE, AND COPYRIGHT NOTICE
Place of production, publication, distribution, manufacture Beijing:
Name of producer, publisher, distributor, manufacturer Beijing United Publishing Company,
Date of production, publication, distribution, manufacture, or copyright notice 2020
300 ## - PHYSICAL DESCRIPTION
Extent 109 pages :
Other physical details colour illustrations ;
Dimensions 26 x 21 cm.
336 ## - CONTENT TYPE
Source rdacontent
Content type term text
-- still images
337 ## - MEDIA TYPE
Source rdamedia
Media type term unmediated
338 ## - CARRIER TYPE
Source rdacarrier
Carrier type term volume
546 ## - LANGUAGE NOTE
Language note In simplified Chinese scripts.
650 10 - SUBJECT ADDED ENTRY--TOPICAL TERM
Topical term or geographic name entry element Animals, Mythical
Form subdivision Comic books, strips, etc.
Topical term or geographic name entry element Neighbors
Form subdivision Comic books, strips, etc.
Topical term or geographic name entry element Children
Form subdivision Comic books, strips, etc.
Topical term or geographic name entry element Japanese, Comic books, strips, etc
General subdivision Translation into Chinese.
700 1# - ADDED ENTRY--PERSONAL NAME
Linkage 880-03
Personal name Zhao, Yujiao
Relator term translator.
880 1# - ALTERNATE GRAPHIC REPRESENTATION
Linkage 100-01
a (日)宫崎骏原作
Linkage 245-02
a 龙猫
Linkage 700-03
a 赵玉皎
e
942 ## - ADDED ENTRY ELEMENTS (KOHA)
Source of classification or shelving scheme Dewey Decimal Classification
Koha item type Book
Holdings
Withdrawn Not for loan Current library Shelving location Date acquired Total Checkouts Total Renewals Full call number Barcode Checked out Date last seen Date last checked out Koha item type
    Perpustakaan Alor Setar Pinjaman Dewasa 12/01/2022 23 2 741.5 MIY A01717484 13/07/2026 22/06/2026 22/06/2026 Book
    Perpustakaan Awam Sungai Petani Pinjaman Dewasa 12/01/2022 19 2 741.5 MIY A01717485   07/06/2026 17/05/2026 Book